Historia doble de la costa, 4 (Registro nro. 1331)

Detalles MARC
000 -CABECERA
Longitud fija campo de control 00964nam a2200265Ia 4500
005 - • FECHA Y HORA DE LA ÚLTIMA TRANSACCIÓN
Fecha y hora de la última transacción 20220316235541.0
008 - • CÓDIGOS DE INFORMACIÓN DE LONGITUD FIJA
Códigos de información de longitud fija 121119s2002 ck a gr 000 0 spa
020 ## - • NÚMERO INTERNACIONAL NORMALIZADO PARA LIBROS
Número Internacional Normalizado para Libros (ISBN) 958360089X
041 0# - • CÓDIGO DE LENGUA
Código de lengua del texto/banda sonora o título independiente spa
082 04 - • NÚMERO DE LA CLASIFICACIÓN DECIMAL DEWEY
Número de clasificación (R) 986.11
Número del ítem F14H4
040 ## - FUENTE DE LA CATALOGACIÓN
Centro catalogador de origen CO-BoRNBP
Lengua de catalogación spa
Normas de descripción rda
Centro transcriptor CO-BoRNBP
100 1# - • PUNTO DE ACCESO PRINCIPAL-NOMBRE DE PERSONA
Nombre de persona Fals Borda, Orlando
Fechas asociadas al nombre 1925-
245 10 - • TITULO PROPIAMENTE DICHO
Título Historia doble de la costa, 4
Resto del título retorno a la tierra
Mención de responsabilidad, etc. Orlando Fals Borda
250 ## - • MENCIÓN DE EDICIÓN
Mención de edición Primera edición
264 ## - PRODUCCIÓN, PUBLICACIÓN , DISTRIBUCIÓN, FABRICACIÓN Y COPYRIGHT
Lugar de producción, publicación, distribución, fabricación Bogotá
Nombre del productor, editor, distribuidor, fabricante El Áncora
-- Banco de la República
Fecha de de producción, publicación, distribución, fabricación o copyright 2002
300 ## - • DESCRIPCIÓN FÍSICA
Extensión 234 páginas
Otras características físicas ilustraciones
Dimensiones 20 cm
336 ## - TIPO DE CONTENIDO
Término de tipo de contenido texto
Código de tipo de contenido txt
Fuente rdacontent
337 ## - TIPO DE MEDIO
Nombre del tipo de medio sin mediación
Código del tipo de medio n
Fuente rdamedia
338 ## - TIPO DE SOPORTE
Nombre del tipo de soporte volumen
Código del tipo de soporte nc
Fuente rdacarrier
490 0# - • MENCIÓN DE SERIE
Mención de serie Maestros de la sede
651 #4 - • PUNTO DE ACCESO ADICIONAL DE MATERIA - NOMBRE GEOGRÁFICO
Nombre geográfico Costa Atlántica (Colombia)
Subdivisión de materia general Política y gobierno
651 #4 - • PUNTO DE ACCESO ADICIONAL DE MATERIA - NOMBRE GEOGRÁFICO
Nombre geográfico Costa Atlántica (Colombia)
Subdivisión de materia general Historia
Subdivisión cronológica Siglo XIX
651 #4 - • PUNTO DE ACCESO ADICIONAL DE MATERIA - NOMBRE GEOGRÁFICO
Nombre geográfico Costa Atlántica (Colombia)
Subdivisión de materia general Vida social y costumbres
Subdivisión cronológica Siglo XIX
942 ## - ENTRADA DE ELEMENTOS AGREGADOS (KOHA)
Fuente de clasificaión o esquema Dewey Decimal Classification
Koha [por defecto] tipo de item LIbro
Existencias
Perdido Fuente de clasificación o esquema Estado Físico No para préstamo Forma de adquisición Localización permanente Localización actual Localización en estanterías Fecha adquisición Préstamos totales Signatura completa Código de barras Fecha última consulta Número de copia Fecha del precio de reemplazo Tipo de item de Koha Número de registro
  Dewey Decimal Classification     Colección General Biblioteca Pública Cumaral - Alvaro Garzon Torres Biblioteca Pública Cumaral - Alvaro Garzon Torres Literatura 07/22/2024   986.11F14h4 CUM1261 07/22/2024 Ej.1 07/22/2024 LIbro  
  Dewey Decimal Classification     Colección General Biblioteca Pública Dorado Biblioteca Pública Dorado General 01/30/2023   986.11 F14h4 DOR01086 01/30/2023 Ej.1 01/30/2023 LIbro  
  Dewey Decimal Classification     Colección General Biblioteca Pública Fuentedeoro - Henry Llanos García Biblioteca Pública Fuentedeoro - Henry Llanos García General 05/23/2023   986.11 F14h4 Fo0000773 05/23/2023 Ej.1 05/23/2023 LIbro  
  Dewey Decimal Classification     Colección General Biblioteca Pública José Eustasio Rivera - San Martin Biblioteca Pública José Eustasio Rivera - San Martin General 04/17/2024   986.11 F14h4 SM03404 04/17/2024 Ej.1 04/17/2024 LIbro  
  Dewey Decimal Classification     Colección General Biblioteca Pública Puerto Lleras Biblioteca Pública Puerto Lleras General 01/27/2025   986.11 F14H4 PLL01854 01/27/2025 Ej.1 01/27/2025 LIbro  
  Dewey Decimal Classification     Colección General Biblioteca Pública Puerto López - Jorge Eliecer Gaitán Biblioteca Pública Puerto López - Jorge Eliecer Gaitán General 09/19/2025   986.11 F14H4 PLZ03991 09/19/2025 Ej.1 09/19/2025 LIbro  
  Dewey Decimal Classification     Colección General Biblioteca Pública San Carlos de Guaroa - Eduardo Carranza Biblioteca Pública San Carlos de Guaroa - Eduardo Carranza General 07/08/2025   986.11 F14H4 SG03593 07/08/2025 Ej.1 07/08/2025 LIbro  
  Dewey Decimal Classification     Colección General Biblioteca Pública Acacias - Carlos María Hernández Rojas Biblioteca Pública Acacias - Carlos María Hernández Rojas General 07/07/2025   986.11 F14h4 ACA06703 07/07/2025 Ej.1 07/07/2025 LIbro  
  Dewey Decimal Classification     Colección General Biblioteca Pública Cabuyaro Biblioteca Pública Cabuyaro General 11/22/2023   986. 11 F14h4 CAB000928 11/22/2023 Ej.1 11/22/2023 LIbro  
  Dewey Decimal Classification     Colección General Biblioteca Pública Guamal Biblioteca Pública Guamal General 04/21/2023   986.11 F14h4 GUA003329 04/21/2023 Ej.1 04/21/2023 LIbro  
  Dewey Decimal Classification     Colección General Biblioteca Pública San Juan de Arama - Concepción de Arama Biblioteca Pública San Juan de Arama - Concepción de Arama General 05/26/2023   986.11 F14h4 SJA00047 05/26/2023 Ej.1 05/26/2023 LIbro  
  Dewey Decimal Classification       Biblioteca Pública Vistahermosa Biblioteca Pública Vistahermosa   06/13/2024   986.11 VIST 0001300 06/13/2024 Ej.1 06/13/2024 LIbro 986.11 F14h4 Ej.1









Instituto Departamental de Cultura del Meta - Red Departamental de Bibliotecas Públicas del Meta.